000 00548nam a2200193Ia 4500
005 20250508165112.0
008 008 250505s9999 xx 000 0 eng d
037 _aDissertations
040 _aFEDL
_beng
_cFEDL
041 _aeng
_2eng
084 _a372.4, DHR/DI
_qFEDL
100 _aDhruv Prerna
_9779892
245 0 _aReading development through children's literature
260 _c2011
300 _a65p.
546 _aM. Ed. Dissertation, (Delhi University)
942 _cDIS
_h372.4, DHR/DI
999 _c1393178
_d1393178